Zwycięzcy wyborów prezydenckich w USA - Statystyki

Ogólne statystyki
  • Ten quiz został rozwiązany 24 razy
  • Średni wynik to 31 z 60
Statystyki odpowiedzi
Rok Zwycięzca % Poprawnych
2016 Donald Trump
100%
2024 Donald Trump
100%
2008 Barack Obama
95%
2012 Barack Obama
95%
2020 Joe Biden
90%
1960 John Kennedy
80%
1988 George Bush
75%
2000 George Bush
75%
2004 George Bush
75%
1932 Franklin Roosevelt
70%
1936 Franklin Roosevelt
70%
1940 Franklin Roosevelt
70%
1944 Franklin Roosevelt
70%
1789 George Washington
70%
1792 George Washington
70%
1968 Richard Nixon
70%
1972 Richard Nixon
70%
1980 Ronald Reagan
70%
1984 Ronald Reagan
70%
1904 Theodore Roosevelt
70%
1992 William Clinton
70%
1996 William Clinton
70%
1948 Harry Truman
65%
1976 James Carter
65%
1860 Abraham Lincoln
60%
1864 Abraham Lincoln
60%
1952 Dwight Eisenhower
55%
1956 Dwight Eisenhower
55%
1964 Lyndon Johnson
55%
1796 John Adams
50%
1824 John Quincy Adams
50%
1928 Herbert Hoover
45%
1912 Woodrow Wilson
45%
1916 Woodrow Wilson
45%
1888 Benjamin Harrison
40%
1800 Thomas Jefferson
40%
1804 Thomas Jefferson
40%
1840 William Henry Harrison
40%
1828 Andrew Jackson
35%
1832 Andrew Jackson
35%
1924 Calvin Coolidge
35%
1816 James Monroe
35%
1820 James Monroe
35%
1868 Ulysses Grant
35%
1872 Ulysses Grant
35%
1908 William Taft
35%
1880 James Garfield
30%
1876 Rutherford Hayes
30%
1896 William McKinley
30%
1900 William McKinley
30%
1884 Grover Cleveland
25%
1892 Grover Cleveland
25%
1856 James Buchanan
25%
1844 James Polk
25%
1836 Martin Van Buren
25%
1920 Warren Harding
25%
1848 Zachary Taylor
25%
1808 James Madison
20%
1812 James Madison
20%
1852 Franklin Pierce
15%
Nie znaleziono quizów pasujących do podanych kryteriów
Rozkład punktacji
Procent ludzi z każdym wynikiem
Percentyl według liczby udzielonych odpowiedzi
Twoja historia wyników
Nie rozwiązałeś tego quizu